Sports Quiz

Random Sports or MLB Quiz

2015 MLB Team Stat Leaders (All-Star Break) Quiz Stats

 Plays Quiz not verified by Sporcle

Challenge
Share
Tweet
Embed
Score 0/210 Timer 15:00
0 Plays Today
Stat Player % Correct
Arizona DiamondbacksPaul Goldschmidt
95.8%
Arizona DiamondbacksPaul Goldschmidt
95.8%
Arizona DiamondbacksPaul Goldschmidt
95.8%
Arizona DiamondbacksPaul Goldschmidt
95.8%
Baltimore OriolesChris Davis, Manny Machado
93.5%
Baltimore OriolesChris Davis
92.9%
Baltimore OriolesUbaldo Jimenez, Miguel Gonzalez
92.9%
Los Angeles DodgersAdrian Gonzalez
92.1%
St. Louis CardinalsCarlos Martinez, Michael Wacha
91.8%
Detroit TigersJ.D. Martinez
91.2%
Detroit TigersJ.D. Martinez
91.2%
St. Louis CardinalsCarlos Martinez
91.2%
Los Angeles AngelsMike Trout, Albert Pujols
91%
Detroit TigersMiguel Cabrera
90.6%
Los Angeles AngelsMike Trout
90.6%
Detroit TigersMiguel Cabrera
90.6%
Los Angeles AngelsMike Trout
90.6%
Miami MarlinsGiancarlo Stanton
89.5%
Miami MarlinsGiancarlo Stanton
89.5%
Miami MarlinsGiancarlo Stanton
89.5%
Chicago CubsAnthony Rizzo
89.3%
Chicago CubsAnthony Rizzo
89.3%
Chicago CubsAnthony Rizzo
89.3%
Los Angeles AngelsAlbert Pujols
89.1%
Chicago White SoxJose Abreu
88.5%
Chicago White SoxJose Abreu
88.5%
Chicago White SoxJose Abreu
88.5%
Miami MarlinsDee Gordon
88.5%
Chicago White SoxJose Abreu
88.5%
Baltimore OriolesManny Machado
88.3%
Houston AstrosJose Altuve
87.7%
Atlanta BravesFreddie Freeman
87.2%
Atlanta BravesFreddie Freeman
87.2%
Cincinnati RedsTodd Frazier
87.2%
Cincinnati RedsTodd Frazier
87.2%
Cincinnati RedsTodd Frazier
87.2%
Pittsburgh PiratesAndrew McCutchen
87.2%
Pittsburgh PiratesAndrew McCutchen
87.2%
Cincinnati RedsTodd Frazier
87.2%
Pittsburgh PiratesAndrew McCutchen
87.2%
Milwaukee BrewersRyan Braun
87%
Milwaukee BrewersRyan Braun
87%
Chicago White SoxChris Sale
86.6%
Chicago White SoxChris Sale
86.6%
Cincinnati RedsJohnny Cueto, Mike Leake
85.6%
Los Angeles DodgersZack Greinke
85.6%
Los Angeles DodgersZack Greinke
85.6%
Cincinnati RedsJohnny Cueto
85.4%
Toronto Blue JaysJosh Donaldson, Jose Bautista
85.4%
Boston Red SoxHanley Ramirez
84.9%
Boston Red SoxHanley Ramirez
84.9%
Kansas City RoyalsLorenzo Cain
84.9%
Kansas City RoyalsLorenzo Cain
84.9%
Chicago CubsKris Bryant
84.7%
San Francisco GiantsBuster Posey
84.7%
San Francisco GiantsBuster Posey
84.7%
San Francisco GiantsBuster Posey
84.7%
Seattle MarinersFelix Hernandez
84.5%
Seattle MarinersFelix Hernandez
84.5%
Toronto Blue JaysJosh Donaldson
84.1%
Toronto Blue JaysJosh Donaldson
84.1%
Toronto Blue JaysJosh Donaldson
84.1%
Washington NationalsBryce Harper
83.9%
Washington NationalsBryce Harper
83.9%
Washington NationalsBryce Harper
83.9%
Washington NationalsBryce Harper
83.9%
Seattle MarinersNelson Cruz
83.5%
Seattle MarinersNelson Cruz
83.5%
Seattle MarinersNelson Cruz
83.5%
Seattle MarinersNelson Cruz
83.5%
Stat Player % Correct
Milwaukee BrewersFrancisco Rodriguez
82.8%
San Diego PadresJustin Upton
82.6%
San Diego PadresJustin Upton
82.6%
San Diego PadresJustin Upton
82.6%
San Diego PadresJustin Upton
82.6%
New York YankeesMark Teixeira
82.4%
New York YankeesMark Teixeira
82.4%
Cincinnati RedsAroldis Chapman
82%
Washington NationalsMax Scherzer
82%
Washington NationalsMax Scherzer
82%
Colorado RockiesTroy Tulowitzki
81.8%
Cleveland IndiansCorey Kluber
81.4%
Tampa Bay RaysEvan Longoria
81.4%
Tampa Bay RaysEvan Longoria
81.4%
Philadelphia PhilliesRyan Howard
81.2%
Philadelphia PhilliesRyan Howard
81.2%
Cleveland IndiansJason Kipnis
80.8%
Cleveland IndiansJason Kipnis
80.8%
Cleveland IndiansBrandon Moss, Michael Brantley
80.5%
Detroit TigersDavid Price
80.5%
Detroit TigersDavid Price
80.5%
Atlanta BravesShelby Miller
79.7%
Boston Red SoxDustin Pedroia
79.7%
New York YankeesAndrew Miller
79.7%
Colorado RockiesNolan Arenado
78.7%
Colorado RockiesNolan Arenado
78.7%
Colorado RockiesNolan Arenado
78.7%
Houston AstrosDallas Keuchel
78%
Houston AstrosDallas Keuchel
78%
New York MetsJacob deGrom, Bartolo Colon
78%
San Francisco GiantsMadison Bumgarner, Chris Heston
78%
San Francisco GiantsMadison Bumgarner
77.8%
Oakland AthleticsSonny Gray
77.6%
Oakland AthleticsSonny Gray
77.6%
Los Angeles DodgersJoc Pederson, Justin Turner
77.6%
Texas RangersPrince Fielder
77.4%
Texas RangersPrince Fielder
77.4%
Texas RangersPrince Fielder
77.4%
Philadelphia PhilliesCole Hamels
77%
Philadelphia PhilliesCole Hamels
77%
Los Angeles DodgersJoc Pederson
76.4%
Pittsburgh PiratesGerrit Cole
76.2%
New York MetsJacob deGrom
75.5%
New York YankeesBrett Gardner
75.3%
New York YankeesBrett Gardner
75.3%
Cleveland IndiansBrandon Moss
75.1%
Philadelphia PhilliesJonathan Papelbon
74.9%
Minnesota TwinsJoe Mauer
74.7%
Minnesota TwinsBrian Dozier
74.3%
Minnesota TwinsBrian Dozier
74.3%
Minnesota TwinsBrian Dozier
74.3%
San Diego PadresCraig Kimbrel
73.8%
New York MetsLucas Duda, Wilmer Flores
73%
Chicago CubsJake Arrieta
72.4%
Chicago CubsJake Arrieta
72.4%
Kansas City RoyalsSalvador Perez
71.1%
San Diego PadresJames Shields
69.5%
Kansas City RoyalsGreg Holland
68.8%
Houston AstrosGeorge Springer
68.4%
Tampa Bay RaysChris Archer
67.6%
Tampa Bay RaysChris Archer
67.6%
Pittsburgh PiratesA.J. Burnett
66.9%
Boston Red SoxKoji Uehara
65.5%
New York MetsCurtis Granderson
65.5%
New York MetsCurtis Granderson
65.5%
Atlanta BravesJulio Teheran, Alex Wood
65.1%
Los Angeles AngelsHuston Street
64.9%
St. Louis CardinalsJhonny Peralta
64.9%
St. Louis CardinalsJhonny Peralta
64.9%
St. Louis CardinalsJhonny Peralta
64.9%
Stat Player % Correct
St. Louis CardinalsTrevor Rosenthal
64.6%
Chicago White SoxDavid Robertson
64.2%
Pittsburgh PiratesMark Melancon
64.2%
Boston Red SoxMookie Betts
64.2%
Pittsburgh PiratesStarling Marte
63.8%
Boston Red SoxClay Buchholz
63.4%
Kansas City RoyalsKendrys Morales
63%
Seattle MarinersFernando Rodney
62.6%
New York YankeesMichael Pineda, Nathan Eovaldi
61.9%
Los Angeles DodgersKenley Jansen
61.7%
Atlanta BravesJason Grilli
60.7%
Minnesota TwinsKyle Gibson, Phil Hughes
60.5%
Minnesota TwinsGlen Perkins
60.3%
New York YankeesMichael Pineda
60.3%
Arizona DiamondbacksRubby De La Rosa, Jeremy Hellickson
59.8%
Houston AstrosEvan Gattis
59.4%
New York MetsJeurys Familia
59.2%
Oakland AthleticsStephen Vogt
57.7%
Oakland AthleticsStephen Vogt
57.7%
Oakland AthleticsStephen Vogt
57.7%
Los Angeles AngelsGarrett Richards
57.1%
Colorado RockiesJorge De La Rosa
56.9%
Toronto Blue JaysMark Buehrle
56.5%
Toronto Blue JaysMark Buehrle
56.5%
Detroit TigersJoakim Soria
56.3%
Washington NationalsDrew Storen
55.9%
St. Louis CardinalsJason Heyward
55%
Atlanta BravesAndrelton Simmons
54.6%
Texas RangersYovani Gallardo
54.4%
Baltimore OriolesZach Britton
54.2%
San Diego PadresTyson Ross
54%
Minnesota TwinsKyle Gibson
52.9%
Colorado RockiesKyle Kendrick
52.7%
Los Angeles DodgersHowie Kendrick
52.7%
Chicago CubsHector Rondon
52.3%
Cleveland IndiansCarlos Carrasco
51.9%
Baltimore OriolesWei-Yin Chen
49.8%
San Francisco GiantsSantiago Casilla
48.7%
Boston Red SoxWade Miley
47.3%
Philadelphia PhilliesBen Revere
47.3%
Philadelphia PhilliesBen Revere
47.3%
Houston AstrosLuis Valbuena
46.2%
Miami MarlinsDan Haren, Tom Koehler
46%
Cleveland IndiansCody Allen
45.4%
Miami MarlinsDan Haren
45.2%
Texas RangersMitch Moreland
44.1%
Oakland AthleticsTyler Clippard
42.9%
Tampa Bay RaysBrad Boxberger
42.5%
Milwaukee BrewersAdam Lind
42.5%
Kansas City RoyalsEdinson Volquez
42.3%
Kansas City RoyalsChris Young
42.3%
Los Angeles AngelsHector Santiago
41.6%
Atlanta BravesCameron Maybin
39.3%
Houston AstrosLuke Gregerson
38.7%
Arizona DiamondbacksBrad Ziegler
37.4%
Miami MarlinsA.J. Ramos
35.4%
New York MetsJuan Lagares
34.9%
San Francisco GiantsNori Aoki
34.9%
Tampa Bay RaysSteven Souza Jr.
34.5%
Colorado RockiesJohn Axford
34.3%
Texas RangersColby Lewis
34.1%
Oakland AthleticsBilly Burns
33.7%
Toronto Blue JaysBrett Cecil
32%
Tampa Bay RaysKevin Kiermaier
28.9%
Milwaukee BrewersGerardo Parra
27.8%
Arizona DiamondbacksChase Anderson
27.6%
Milwaukee BrewersMike Fiers
25.9%
Milwaukee BrewersJimmy Nelson
24.1%
Baltimore OriolesJimmy Paredes
23.4%
Texas RangersShawn Tolleson
23.2%

You're not logged in!

Compare scores with friends on all Sporcle quizzes.
Join for Free
OR
Log In

You Might Also Like...

Show Comments

Extras

Top Quizzes Today


Score Distribution

Your Account Isn't Verified!

In order to create a playlist on Sporcle, you need to verify the email address you used during registration. Go to your Sporcle Settings to finish the process.

Report this User

Report this user for behavior that violates our Community Guidelines.

Details: